| 000 | 01131 a2200217 4500 | ||
|---|---|---|---|
| 001 | 22293 | ||
| 005 | 20260407155512.0 | ||
| 008 | 260407a1994 arg spa d | ||
| 003 | AR-UNSa-BCEJYS | ||
| 040 |
_aAR-UNSa-BCEJYS _bspa _cAR-UNSa-BCEJYS |
||
| 080 |
_a342.9 _xDerecho Administrativo |
||
| 245 | 1 | 0 | _aTratado de derecho administrativo |
| 250 | _a4a. ed | ||
| 264 | 1 |
_aBuenos Aires : _bAbeledo Perrot _c1994 |
|
| 300 |
_a642 p. _c23 cm. |
||
| 505 | _aTítulo VII: 1. Contratos de la Administración pública - 2. Contrato administrativo y contrato de derecho común de la administración pública - 3. Formación y prueba del contrato administrativo - 4. Elección del cocontratante de la administración - 5. Caracteres del contrato administrativo - 6. Elementos del contrato administrativo - 7. Efectos del contrato administrativo - 8. Ejecución de los contratos administrativos - 9. Vicios o defectos de los contratos administrativos - 10. Terminación o finalización de los contratos administrativos. | ||
| 041 | _aspa | ||
| 942 | _cBK | ||
| 590 | _aniveau_biblio:m niveau_hierar:0 | ||
| 100 | 1 | _aMarienhoff, Miguel S. | |
| 999 |
_c951 _d951 |
||